000 00228nam a22000977a 4500
999 _c260734
_d260733
020 _a9781465409676
100 _aSophie la girafe
245 _aSophie's Busy Day
260 _aNew York
_bDorling Kindersley Publisher
942 _cBK